[Event "Rodovre-ch B"]
[Site "Rodovre"]
[Date "2004.09.29"]
[Round "3"]
[White "Jensen, Peder Raunso"]
[Black "Madhy, Nezar"]
[Result "1/2-1/2"]
[WhiteElo "1509"]
[BlackElo "1631"]
[PlyCount "41"]
[EventDate "2004.08.31"]
[EventType "tourn"]
[EventRounds "7"]
[EventCountry "DEN"]
[SourceTitle "EXT 2023"]
[Source "ChessBase"]
[SourceDate "2022.10.05"]
[SourceVersion "1"]
[SourceVersionDate "2022.10.05"]
[SourceQuality "1"]

1. d4 Nf6 2. c4 e6 3. Nf3 b6 4. Nc3 Bb7 5. Bg5 h6 6. Bf4 Bb4 7. Qb3 c5 8. a3 Bxc3+ 9. bxc3 Ne4 10. e3 0-0 11. Bd3 cxd4 12. cxd4 d6 13. 0-0 Qe7 14. Rfd1 Nd7 15. Bxe4 Bxe4 16. Qb4 Bxf3 17. gxf3 e5 18. dxe5 Nxe5 19. Bxe5 Qxe5 20. Qxd6 Qxd6 21. Rxd6 1/2-1/2